Loreto College Library, Kolkata
WEBOPAC (ONLINE PUBLIC ACCESS CATALOGUE)

Australian Poetry 1958 (Record no. 20912)

MARC details
000 -LEADER
fixed length control field 00489nam a2200181Ia 4500
005 - DATE AND TIME OF LATEST TRANSACTION
control field 20260625114610.0
008 - FIXED-LENGTH DATA ELEMENTS--GENERAL INFORMATION
fixed length control field 131103s9999 xx 000 0 und d
040 ## - CATALOGING SOURCE
Original cataloging agency Loreto College
041 ## - LANGUAGE CODE
Language code English
082 ## - DDC | ডিউই
Classification number | বর্গসংখ্যা 821.08A
Book Number | গ্রন্থাঙ্ক BUC
245 ## - TITLE STATEMENT | অাখ্যা বিবরণী
Title | অাখ্যা Australian Poetry 1958
Statement of responsibility | লেখকের দায়িত্বের বিবরণ Selected by Vincent Buckley
260 ## - IMPRINT | প্রকাশনা ক্ষেত্র
Place of publication | প্রকাশ স্থান Sydeny
Name of publisher | প্রকাশকের নাম Angus and Robertson
Date of publication | প্রকাশ কাল 1958
300 ## - PHYSICAL DESCRIPTION |
Page / Vol. No | পৃষ্ঠা / খন্ড সংখ্যা 94p.
650 ## - SUBJECT ADDED ENTRY--TOPICAL TERM | বিষয় শিরোনাম - মূল বিষয়
Topical term | মূল বিষয় Australian Poetry - Collections
700 ## - ADDED ENTRY--PERSONAL NAME | অতিরিক্ত সংলেখ - ব্
Personal name | ব্যাক্তিনাম Buckley, Vincent; com.
850 ## - HOLDING INSTITUTION
Holding institution LCLIB
942 ## - ADDED ENTRY ELEMENTS (KOHA)
Koha item type Books
Holdings
Withdrawn status Lost status Source of classification Damaged status Not for loan Home library Current library Date acquired Total Checkouts Full call number Accession No. Date last seen Price effective from Koha item type Coded location qualifier
    Dewey Decimal Classification     Loreto College Loreto College 04/11/2013   821.08A BUC 15416 B22924 04/11/2013 04/11/2013 Books